Tres maestros (Record no. 135989)

MARC details
000 -LEADER
campo de control de longitud fija 00921nam a2200241 i 4500
001 - NÚMERO DE CONTROL
campo de control 135989
003 - IDENTIFICADOR DE NÚMERO DE CONTROL
campo de control ES-MaACL
005 - FECHA Y HORA DE LA ÚLTIMA TRANSACCIÓN
campo de control 20231230063001.0
007 - CAMPO FIJO DE DESCRIPCIÓN FÍSICA--INFORMACIÓN GENERAL
campo de control de longitud fija t|
008 - DATOS DE LONGITUD FIJA--INFORMACIÓN GENERAL
campo de control de longitud fija 070214s1965 sp |||| |dspa d
100 1# - ENTRADA PRINCIPAL--NOMBRE DE PERSONA
Nombre de persona Ruiz Iriarte, Víctor,
Fechas asociadas al nombre 1912-1982
9 (RLIN) 100836
245 10 - MENCIÓN DEL TÍTULO
Título Tres maestros
Resto del título : Arniches, Benavente y Valle-Inclán /
Mención de responsabilidad, etc. Víctor Ruiz Iriarte.
260 ## - PUBLICACIÓN, DISTRIBUCIÓN, ETC.
Lugar de publicación, distribución, etc. Madrid :
Nombre del editor, distribuidor, etc. Real Escuela Superior de Arte Dramático,
Fecha de publicación, distribución, etc. 1965.
300 ## - DESCRIPCIÓN FÍSICA
Extensión 30 p. ;
Dimensiones 20 cm.
600 14 - PUNTO DE ACCESO ADICIONAL DE MATERIA--NOMBRE DE PERSONA
Nombre de persona Arniches, Carlos.
9 (RLIN) 23094
600 17 - PUNTO DE ACCESO ADICIONAL DE MATERIA--NOMBRE DE PERSONA
Nombre de persona Benavente, Jacinto,
Fechas asociadas al nombre 1866-1954-
Subdivisión general Crítica e interpretación
Fuente del encabezamiento o término
9 (RLIN) 169710
600 14 - PUNTO DE ACCESO ADICIONAL DE MATERIA--NOMBRE DE PERSONA
Nombre de persona Valle-Inclán, Ramón del,
Fechas asociadas al nombre 1866-1936-
Subdivisión general Crítica e interpretación
9 (RLIN) 112800
650 #4 - PUNTO DE ACCESO ADICIONAL DE MATERIA--TÉRMINO DE MATERIA
Término de materia o nombre geográfico como elemento de entrada Teatro español-
Subdivisión cronológica S.XX-
Subdivisión general Historia y crítica.
9 (RLIN) 17361
710 2# - ENTRADA AGREGADA--NOMBRE DE ENTIDAD CORPORATIVA
Nombre de entidad corporativa o nombre de jurisdicción como elemento de entrada Real Escuela Superior de Arte Dramático.
9 (RLIN) 6356
852 ## - LOCALIZACIÓN
Ubicación ES-MaACL
Número de control de estantería 2046-F-16
852 ## - LOCALIZACIÓN
Ubicación ES-MaACL
Número de control de estantería 2066-F-9
Holdings
Estatus retirado Estado de pérdida Estado de daño No para préstamo Colección Biblioteca de origen Biblioteca actual Ubicación en estantería Fecha de adquisición Fuente de adquisición Total de préstamos Signatura topográfica completa Código de barras Visto por última vez Precio de reemplazo Tipo de ítem Koha
        Colección de folletos Biblioteca del Ateneo de Madrid Biblioteca del Ateneo de Madrid Depósito folletos 17/01/2008     2066-F-9 1141533 23/02/2023 23/02/2023 Folleto
        Colección de folletos Biblioteca del Ateneo de Madrid Biblioteca del Ateneo de Madrid Depósito folletos 17/01/2008     2046-F-16 1141532 23/02/2023 23/02/2023 Folleto